| 000 | 00812nam a2200277Ia 4500 | ||
|---|---|---|---|
| 003 | OSt | ||
| 005 | 20220926002632.0 | ||
| 006 | a|||||r|||| 00| 0 | ||
| 007 | ta | ||
| 008 | 220923b |||||||| |||| 00| 0 eng d | ||
| 037 | _cGeneral Book | ||
| 040 |
_aRTL _cRTL _beng |
||
| 041 |
_2eng _aeng |
||
| 082 | _aX:545.20k467.N68t4, L0 | ||
| 110 | _a) | ||
| 111 |
_aNational Council of Applied Economic Research (New Delhi) _9306184 |
||
| 245 | 0 | _aSurvey of India's export potential to twenty-six s | |
| 260 |
_a New Delhi _bNCAER _c1970 |
||
| 300 |
_a285p _ccm. |
||
| 490 | _aRegional Trade Study. Indian Export Surveys | ||
| 500 | _aAppendixes: P 208-281 | ||
| 650 | _aExport | ||
| 700 | _a) | ||
| 942 |
_hX:545.20k467.N68t4, L0 _cGB _2CC |
||
| 999 |
_c605671 _d605671 |
||